000 00948nam a2200253 a 4500
001 38872
003 BD-RjUL
005 20211209052856.0
008 160319r20152014bg ||||e |||| 000 0 ben d
020 _a9789849074786
_c: Tk.500.00
035 _a(BD-RjUL)
040 _aBD-RjUL
_bben
_cBD-RjUL
041 _aben
082 _a079.5492
_bMUA 2015
_223
100 _aমূসা, এবিএম
_9119886
245 1 0 _aআমার বেলা যে যায় /
_cএবিএম মূসা
260 _aঢাকা :
_bপ্রথমা প্রকাশন
_c২০১৪ [মুদ্রণ ২০১৫]
300 _a২৭২ পৃ. ;
_c২২ সেমি.
600 _aমূসা, এবিএম
_d১৯৩১-২০১৪
_9123906
600 _aMusa, ABM
_d1931-2014
_9123907
650 _aসাংবাদিকতা
_9119933
_zবাংলাদেশ
650 _aJournalism
_9119934
_zBangladesh
942 _2ddc
_cBK
999 _c38872
_d38872